[Event "SUI-chT"]
[Site "Switzerland"]
[Date "2019.09.08"]
[Round "7.7"]
[White "Valles, Manuel"]
[Black "Kappeler, Kaspar"]
[Result "1/2-1/2"]
[WhiteElo "2365"]
[BlackElo "2246"]
[PlyCount "73"]
[EventDate "2019.03.10"]
[EventType "team-tourn"]
[EventRounds "9"]
[EventCountry "SUI"]
[SourceTitle "EXT 2020"]
[Source "ChessBase"]
[SourceDate "2019.10.17"]
[SourceVersion "1"]
[SourceVersionDate "2019.10.17"]
[SourceQuality "1"]
[WhiteTeam "Echallens"]
[BlackTeam "Reti"]
[WhiteTeamCountry "SUI"]
[BlackTeamCountry "SUI"]

1. e4 c5 2. Nc3 Nc6 3. Bb5 Nd4 4. Nf3 Nxb5 5. Nxb5 d5 6. exd5 a6 7. Nc3 Nf6 8. 0-0 Nxd5 9. Ne4 e6 10. d4 cxd4 11. Qxd4 Qb6 12. Qe5 Qc7 13. Qxc7 Nxc7 14. c4 f6 15. Be3 e5 16. Bb6 Ne6 17. Rfd1 Bd7 18. Nd6+ Bxd6 19. Rxd6 Ke7 20. Rd2 Rhc8 21. b3 a5 22. Rad1 Be8 23. Ne1 Ra6 24. Be3 Rc7 25. Nc2 b5 26. cxb5 Bxb5 27. Na3 Be8 28. Nc4 Rd7 29. Rxd7+ Bxd7 30. a4 Nf4 31. Bc5+ Ke8 32. Rd6 Ra8 33. Bb6 Be6 34. Nxa5 Rc8 35. h3 Bd5 36. Be3 Ke7 37. Ra6 1/2-1/2

[Event "Vaujany op 10th"]
[Site "Vaujany"]
[Date "2019.07.14"]
[Round "4"]
[White "Bokros, Albert"]
[Black "Valles, Manuel"]
[Result "1-0"]
[WhiteElo "2472"]
[BlackElo "2390"]
[PlyCount "69"]
[EventDate "2019.07.11"]
[EventType "swiss"]
[EventRounds "9"]
[EventCountry "FRA"]
[SourceTitle "EXT 2020"]
[Source "ChessBase"]
[SourceDate "2019.10.17"]
[SourceVersion "1"]
[SourceVersionDate "2019.10.17"]
[SourceQuality "1"]

1. e4 e6 2. Qe2 c5 3. Nf3 Nc6 4. g3 Nf6 5. Bg2 d5 6. d3 Be7 7. 0-0 0-0 8. e5 Nd7 9. Re1 b5 10. h4 h6 11. Bf4 Bb7 12. Nbd2 Qc7 13. c3 b4 14. c4 Nb6 15. b3 a5 16. Nf1 Rfc8 17. Ne3 Qd8 18. Rad1 Nd4 19. Nxd4 cxd4 20. Nc2 Bc5 21. Qg4 Kh8 22. Bc1 a4 23. Nxd4 axb3 24. axb3 Ra2 25. Be3 Nd7 26. Qh5 Qb6 27. Nb5 Bxe3 28. Rxe3 Rca8 29. d4 Ra1 30. Nd6 Qxd4 31. Ree1 Rxd1 32. Rxd1 Ra1 33. Rxa1 Qxa1+ 34. Kh2 Nxe5 35. Qxe5 1-0

[Event "SUI-chT"]
[Site "Switzerland"]
[Date "2019.05.05"]
[Round "4.5"]
[White "Schweitzer, Olaf"]
[Black "Valles, Manuel"]
[Result "0-1"]
[WhiteElo "2076"]
[BlackElo "2365"]
[PlyCount "54"]
[EventDate "2019.03.10"]
[EventType "team-tourn"]
[EventRounds "9"]
[EventCountry "SUI"]
[SourceTitle "CBM 190 Extra"]
[Source "ChessBase"]
[SourceDate "2019.07.15"]
[SourceVersion "1"]
[SourceVersionDate "2019.07.15"]
[SourceQuality "1"]
[WhiteTeam "Nyon"]
[BlackTeam "Echallens"]
[WhiteTeamCountry "SUI"]
[BlackTeamCountry "SUI"]

1. e4 c5 2. Nf3 e6 3. b4 b6 4. bxc5 bxc5 5. Bb5 Nf6 6. Nc3 Bb7 7. d3 Be7 8. 0-0 0-0 9. Rb1 d5 10. Qe2 Nc6 11. Ba4 dxe4 12. dxe4 Qc8 13. Re1 Nd4 14. Qe3 Rd8 15. Ne5 Rb8 16. Ba3 Qc7 17. f4 Qa5 18. Nc4 Qa6 19. Bb3 Nxc2 20. Bxc2 Qxc4 21. Qf3 Rd2 22. Rec1 Qa6 23. Rb3 Bf8 24. Bb2 c4 25. Rb5 Rbd8 26. Rg5 Qb6+ 27. Kh1 Qxb2 0-1

[Event "SUI-chT"]
[Site "Switzerland"]
[Date "2018.09.09"]
[Round "7.6"]
[White "Akermann, Thomas"]
[Black "Valles, Manuel"]
[Result "1-0"]
[WhiteElo "2159"]
[BlackElo "2333"]
[PlyCount "137"]
[EventDate "2018.03.25"]
[EventType "team-tourn"]
[EventRounds "9"]
[EventCountry "SUI"]
[SourceTitle "EXT 2019"]
[Source "ChessBase"]
[SourceDate "2018.10.10"]
[SourceVersion "1"]
[SourceVersionDate "2018.10.10"]
[SourceQuality "1"]
[WhiteTeam "St Gallen"]
[BlackTeam "Echallens"]
[WhiteTeamCountry "SUI"]
[BlackTeamCountry "SUI"]

1. c4 c6 2. Nc3 d5 3. d4 e6 4. Nf3 dxc4 5. e3 b5 6. a4 Bb4 7. Bd2 a5 8. axb5 Bxc3 9. Bxc3 cxb5 10. b3 Bb7 11. bxc4 b4 12. Bb2 Nf6 13. c5 0-0 14. Bb5 Bc6 15. Ba4 Qc7 16. 0-0 Nbd7 17. Bxc6 Qxc6 18. Qa4 Qc7 19. Nd2 Ng4 20. g3 f5 21. Qb3 Qc6 22. Nc4 a4 23. Qxb4 Rfb8 24. Qc3 Ndf6 25. Qc2 Ne4 26. f3 Ng5 27. Qg2 Rxb2 28. Qxb2 Nxf3+ 29. Rxf3 Qxf3 30. Qg2 Qxg2+ 31. Kxg2 Ra6 32. Ra3 Kf7 33. h3 Nf6 34. Kf3 g5 35. g4 Kg6 36. Nb6 fxg4+ 37. hxg4 h5 38. gxh5+ Kxh5 39. Rxa4 Rxa4 40. Nxa4 Kh4 41. Kg2 Kg4 42. c6 Nd5 43. Kf2 Kf5 44. Nc5 Nc7 45. Kf3 Kf6 46. e4 Nb5 47. Kg4 Na7 48. c7 e5 49. d5 Nc8 50. Ne6 Nd6 51. Nxg5 Ke7 52. c8N+ Nxc8 53. Kf5 Kd6 54. Nf7+ Ke7 55. Nxe5 Nb6 56. Ng4 Kd6 57. Ne3 Nd7 58. Nc4+ Kc5 59. Ne5 Nb6 60. Ke6 Kd4 61. Nd7 Nc4 62. Nf6 Kc5 63. e5 Na5 64. Kd7 Nc4 65. e6 Ne5+ 66. Kc7 Ng6 67. d6 Nf4 68. e7 Nd5+ 69. Nxd5 1-0

[Event "Vaujany op 9th"]
[Site "Vaujany"]
[Date "2018.07.17"]
[Round "6"]
[White "Godart, Francois"]
[Black "Valles, Manuel"]
[Result "1-0"]
[WhiteElo "2427"]
[BlackElo "2388"]
[PlyCount "47"]
[EventDate "2018.07.12"]
[EventType "swiss"]
[EventRounds "9"]
[EventCountry "FRA"]
[SourceTitle "EXT 2019"]
[Source "ChessBase"]
[SourceDate "2018.10.10"]
[SourceVersion "1"]
[SourceVersionDate "2018.10.10"]
[SourceQuality "1"]

1. e4 e5 2. f4 d5 3. exd5 exf4 4. Nf3 Nf6 5. Bb5+ Nbd7 6. c4 Be7 7. d4 0-0 8. Bxd7 Nxd7 9. Bxf4 b5 10. b3 Nb6 11. Nbd2 Ba6 12. Qc2 Bh4+ 13. g3 Re8+ 14. Kf2 bxc4 15. bxc4 Nxd5 16. cxd5 Re2+ 17. Kg1 Qxd5 18. gxh4 Rae8 19. h3 Rxd2 20. Qxd2 Qxf3 21. Re1 Re2 22. Rxe2 Qf1+ 23. Kxf1 Bxe2+ 24. Qxe2 1-0

[Event "SUI-chT"]
[Site "Switzerland"]
[Date "2018.06.10"]
[Round "4.4"]
[White "Riff, Jean Noel"]
[Black "Valles, Manuel"]
[Result "1/2-1/2"]
[WhiteElo "2479"]
[BlackElo "2333"]
[PlyCount "63"]
[EventDate "2018.03.25"]
[EventType "team-tourn"]
[EventRounds "9"]
[EventCountry "SUI"]
[SourceTitle "EXT 2019"]
[Source "ChessBase"]
[SourceDate "2018.10.10"]
[SourceVersion "1"]
[SourceVersionDate "2018.10.10"]
[SourceQuality "1"]
[WhiteTeam "Geneve"]
[BlackTeam "Echallens"]
[WhiteTeamCountry "SUI"]
[BlackTeamCountry "SUI"]

1. e4 e6 2. d4 d5 3. Nc3 Bb4 4. exd5 exd5 5. Bd3 Nc6 6. Nge2 Nge7 7. 0-0 Bf5 8. Bg5 f6 9. Bf4 0-0 10. Nb5 Ba5 11. c3 Qd7 12. b4 Bb6 13. a4 a5 14. bxa5 Nxa5 15. Nc1 Nc4 16. Qc2 Bg6 17. Bg3 Ra6 18. Bxg6 hxg6 19. Nd3 Ra5 20. Rfe1 Nf5 21. Nf4 Kf7 22. Qe2 Nxg3 23. hxg3 c6 24. Qc2 cxb5 25. Qxg6+ Kg8 26. Qh5 Rxa4 27. Rab1 Raa8 28. Ng6 Rfe8 29. Qh8+ Kf7 30. Qh5 Kg8 31. Qh8+ Kf7 32. Qh5 1/2-1/2

[Event "Vaujany op-A 7th"]
[Site "Vaujany"]
[Date "2016.07.23"]
[Round "8"]
[White "Favarel, Camille"]
[Black "Valles, Manuel"]
[Result "0-1"]
[WhiteElo "2256"]
[BlackElo "2397"]
[PlyCount "80"]
[EventDate "2016.07.16"]
[EventType "swiss"]
[EventRounds "9"]
[EventCountry "FRA"]
[SourceTitle "EXT 2019"]
[Source "ChessBase"]
[SourceDate "2018.10.10"]
[SourceVersion "1"]
[SourceVersionDate "2018.10.10"]
[SourceQuality "1"]

1. d4 d5 2. Bf4 c5 3. e3 Nf6 4. dxc5 Nc6 5. Bb5 a6 6. Bxc6+ bxc6 7. b4 Nd7 8. Bg3 g6 9. a3 Bg7 10. Ra2 a5 11. c3 0-0 12. Ne2 e5 13. 0-0 Qe7 14. Re1 h5 15. h3 h4 16. Bh2 Nf6 17. Nd2 Rd8 18. Ra1 Bf5 19. Nb3 g5 20. f3 a4 21. Na5 Bd7 22. Qxa4 Nh7 23. Qc2 f5 24. f4 g4 25. Kh1 Nf6 26. Rf1 Ne4 27. Nb7 Rf8 28. Nd6 g3 29. Bg1 Nxd6 30. cxd6 Qxd6 31. a4 e4 32. Nd4 Kh7 33. Rfb1 Rfb8 34. Qe2 Kg6 35. Qe1 c5 36. Ne2 cxb4 37. Nxg3 hxg3 38. Qxg3+ Kf7 39. a5 bxc3 40. Rc1 Rb5 0-1

[Event "Vaujany op-A 7th"]
[Site "Vaujany"]
[Date "2016.07.18"]
[Round "3"]
[White "Valles, Manuel"]
[Black "Bauer, Christian"]
[Result "1/2-1/2"]
[WhiteElo "2397"]
[BlackElo "2621"]
[PlyCount "148"]
[EventDate "2016.07.16"]
[EventType "swiss"]
[EventRounds "9"]
[EventCountry "FRA"]
[SourceTitle "EXT 2019"]
[Source "ChessBase"]
[SourceDate "2018.10.10"]
[SourceVersion "1"]
[SourceVersionDate "2018.10.10"]
[SourceQuality "1"]

1. d4 e6 2. c4 Nf6 3. Nf3 Bb4+ 4. Nbd2 0-0 5. a3 Be7 6. e4 d6 7. b4 e5 8. Bb2 a5 9. Be2 exd4 10. Nxd4 Nfd7 11. 0-0 Bf6 12. Qb3 Re8 13. f4 Nf8 14. Rad1 axb4 15. axb4 Bd7 16. Nb5 Bxb2 17. Qxb2 Nc6 18. Ra1 Rxa1 19. Rxa1 Ne7 20. Bf1 Neg6 21. g3 h5 22. Qd4 h4 23. Ra7 Qc8 24. Nc3 Nh7 25. b5 Nhf8 26. Qf2 hxg3 27. hxg3 Qb8 28. Ra1 c6 29. Qb6 Ne7 30. Nf3 Bg4 31. Nh2 Be6 32. Nf3 Bg4 33. Nh2 Be6 34. Nf3 Nd7 35. Qf2 Bg4 36. Nh2 Nf6 37. Re1 Be6 38. f5 Bd7 39. g4 Nh7 40. Nf3 cxb5 41. Qh4 Qa7+ 42. Kg2 b4 43. Nd1 Qa1 44. Nf2 Qc3 45. Bd3 g5 46. Nxg5 Nxg5 47. Qxg5+ Qg7 48. Qd2 Bc6 49. Qf4 Qe5 50. Qh6 Qg7 51. Qf4 Qe5 52. Qh6 Qg7 53. Qxg7+ Kxg7 54. Rb1 Kf6 55. Kf3 Ke5 56. Ke3 Kf6 57. Kf4 Rg8 58. Rxb4 Nc8 59. Rb1 Na7 60. Nh3 Ke7 61. g5 Nc8 62. Ng1 Rh8 63. Nf3 Kd7 64. f6 Kc7 65. Nd4 Bd7 66. Nb3 Na7 67. Ra1 Nc6 68. Be2 Ne5 69. Nd4 Ng6+ 70. Ke3 Rh3+ 71. Kf2 Rh2+ 72. Ke3 Rh3+ 73. Kf2 Rh2+ 74. Ke3 Rh3+ 1/2-1/2

[Event "SUI-chT"]
[Site "Switzerland"]
[Date "2016.06.11"]
[Round "4.1"]
[White "Valles, Manuel"]
[Black "Pelletier, Yannick"]
[Result "1/2-1/2"]
[WhiteElo "2326"]
[BlackElo "2566"]
[PlyCount "89"]
[EventDate "2016.03.20"]
[EventType "team-tourn"]
[EventRounds "9"]
[EventCountry "SUI"]
[SourceTitle "EXT 2017"]
[Source "ChessBase"]
[SourceDate "2016.10.25"]
[SourceVersion "1"]
[SourceVersionDate "2016.10.25"]
[SourceQuality "1"]
[WhiteTeam "Echallens"]
[BlackTeam "Zuerich"]
[WhiteTeamCountry "SUI"]
[BlackTeamCountry "SUI"]

1. d4 Nf6 2. c4 g6 3. f3 d5 4. cxd5 Nxd5 5. e4 Nb6 6. Nc3 Bg7 7. Be3 0-0 8. Qd2 Nc6 9. 0-0-0 Qd6 10. Kb1 Rd8 11. Nb5 Qd7 12. d5 a6 13. dxc6 Qxd2 14. Rxd2 Rxd2 15. Bxd2 axb5 16. cxb7 Bxb7 17. Bxb5 f5 18. exf5 Bd5 19. Ne2 Bxa2+ 20. Kc2 gxf5 21. Bc3 Bc4 22. Bxc4+ Nxc4 23. Nf4 Bxc3 24. Kxc3 Nd6 25. Re1 Kf7 26. h4 Ra4 27. g3 Ra5 28. Ne6 h6 29. Kd4 Kf6 30. b4 Rb5 31. Kc3 Ne4+ 32. fxe4 Kxe6 33. exf5+ Kxf5 34. Rxe7 c5 35. bxc5 Rxc5+ 36. Kd4 Rc1 37. Rg7 Re1 38. Rg8 Re4+ 39. Kd3 Re1 40. h5 Re6 41. Rg7 Re1 42. Rg6 Re8 43. Kd4 Re7 44. g4+ Kf4 45. Kd5 1/2-1/2

[Event "SUI-chT"]
[Site "Switzerland"]
[Date "2016.05.22"]
[Round "3.2"]
[White "Sokolov, Andrei"]
[Black "Valles, Manuel"]
[Result "1/2-1/2"]
[WhiteElo "2521"]
[BlackElo "2326"]
[PlyCount "68"]
[EventDate "2016.03.20"]
[EventType "team-tourn"]
[EventRounds "9"]
[EventCountry "SUI"]
[SourceTitle "EXT 2017"]
[Source "ChessBase"]
[SourceDate "2016.10.25"]
[SourceVersion "1"]
[SourceVersionDate "2016.10.25"]
[SourceQuality "1"]
[WhiteTeam "Geneve"]
[BlackTeam "Echallens"]
[WhiteTeamCountry "SUI"]
[BlackTeamCountry "SUI"]

1. e4 c5 2. Nf3 Nc6 3. Bb5 g6 4. Bxc6 bxc6 5. 0-0 Bg7 6. Re1 Nh6 7. Nc3 0-0 8. d3 d6 9. e5 Bg4 10. h3 Bxf3 11. Qxf3 Nf5 12. exd6 Qxd6 13. Bf4 e5 14. Ne4 Qd5 15. Bg5 f6 16. Be3 Nd4 17. Qd1 c4 18. Bxd4 Qxd4 19. dxc4 Qxc4 20. b3 Qd5 21. Qe2 f5 22. Ng5 Rae8 23. Rad1 Qc5 24. Rd7 h6 25. Nf3 e4 26. Nh2 Re5 27. Qe3 Rd5 28. Qxc5 Rxc5 29. c4 Ra5 30. Re2 Rf7 31. Rd8+ Rf8 32. Rd7 Rf7 33. Rd8+ Rf8 34. Rd7 Rf7 1/2-1/2

[Event "Budapest FS02 GM"]
[Site "Budapest"]
[Date "2016.02.09"]
[Round "4"]
[White "Valles, Manuel"]
[Black "Czebe, Attila"]
[Result "1/2-1/2"]
[WhiteElo "2384"]
[BlackElo "2460"]
[PlyCount "33"]
[EventDate "2016.02.06"]
[EventType "tourn"]
[EventRounds "10"]
[EventCountry "HUN"]
[EventCategory "8"]
[SourceTitle "CBM 170 Extra"]
[Source "ChessBase"]
[SourceDate "2016.02.25"]
[SourceVersion "1"]
[SourceVersionDate "2016.02.25"]
[SourceQuality "1"]

1. d4 d6 2. e4 Nf6 3. Nc3 e5 4. dxe5 dxe5 5. Qxd8+ Kxd8 6. Bg5 Be6 7. g3 Nbd7 8. 0-0-0 Kc8 9. f4 h6 10. Bxf6 Nxf6 11. f5 Bd7 12. Nf3 Bd6 13. Bc4 g6 14. Bxf7 gxf5 15. Bg6 Nxe4 16. Nxe4 fxe4 17. Bxe4 1/2-1/2

[Event "Budapest FS02 GM"]
[Site "Budapest"]
[Date "2016.02.06"]
[Round "1"]
[White "Torma, Robert"]
[Black "Valles, Manuel"]
[Result "1-0"]
[WhiteElo "2454"]
[BlackElo "2384"]
[PlyCount "89"]
[EventDate "2016.02.06"]
[EventType "tourn"]
[EventRounds "10"]
[EventCountry "HUN"]
[EventCategory "8"]
[SourceTitle "CBM 170 Extra"]
[Source "ChessBase"]
[SourceDate "2016.02.25"]
[SourceVersion "1"]
[SourceVersionDate "2016.02.25"]
[SourceQuality "1"]

1. d4 Nf6 2. c4 g6 3. Nc3 Bg7 4. e4 d6 5. Nf3 0-0 6. Be2 c5 7. 0-0 Nc6 8. d5 Na5 9. h3 e5 10. Bg5 h6 11. Be3 b6 12. Nd2 Nd7 13. Nb3 Nb7 14. Qd2 Kh7 15. Bd3 Qe7 16. a4 a5 17. Rae1 Nd8 18. Nc1 Rb8 19. Kh2 f5 20. exf5 gxf5 21. f3 Nf6 22. g4 Ne8 23. gxf5 Bxf5 24. Bxf5+ Rxf5 25. Qd3 Qf8 26. N1e2 Kh8 27. Ng3 Rf7 28. Qg6 Rf6 29. Qg4 Qf7 30. Nce4 Rg6 31. Qh5 Bf8 32. f4 Ng7 33. Qe2 exf4 34. Rxf4 Qg8 35. Nf6 Qf7 36. Nh7 Qxf4 37. Bxf4 Kxh7 38. Qc2 Nf7 39. h4 h5 40. Rg1 Nh8 41. Ne4 Ne8 42. Rxg6 Nxg6 43. Ng5+ Kg7 44. Ne6+ Kf7 45. Nxf8 1-0

[Event "SUI-chT"]
[Site "Switzerland"]
[Date "2015.10.11"]
[Round "9.2"]
[White "Valles, Manuel"]
[Black "Moor, Roger"]
[Result "1-0"]
[WhiteElo "2317"]
[BlackElo "2392"]
[PlyCount "45"]
[EventDate "2015.03.29"]
[EventType "team-tourn"]
[EventRounds "9"]
[EventCountry "SUI"]
[SourceTitle "EXT 2017"]
[Source "ChessBase"]
[SourceDate "2016.10.25"]
[SourceVersion "1"]
[SourceVersionDate "2016.10.25"]
[SourceQuality "1"]
[WhiteTeam "Echallens"]
[BlackTeam "Wollishofen"]
[WhiteTeamCountry "SUI"]
[BlackTeamCountry "SUI"]

1. d4 Nf6 2. c4 g6 3. f3 d5 4. cxd5 Nxd5 5. e4 Nb6 6. Nc3 Bg7 7. Be3 0-0 8. Qd2 f5 9. e5 Be6 10. 0-0-0 Bc4 11. Bxc4+ Nxc4 12. Qe2 Nxe3 13. Qxe3 e6 14. h4 Rf7 15. h5 c6 16. hxg6 hxg6 17. f4 Bf8 18. Nf3 Be7 19. Rh6 Rg7 20. Rdh1 Kf7 21. Rh8 Qc7 22. Qe1 Bd8 23. R1h7 1-0

[Event "Figueres op-A 16th"]
[Site "Figueres"]
[Date "2015.08.18"]
[Round "9"]
[White "Stella, Andrea"]
[Black "Valles, Manuel"]
[Result "1/2-1/2"]
[WhiteElo "2423"]
[BlackElo "2386"]
[PlyCount "26"]
[EventDate "2015.08.11"]
[EventType "swiss"]
[EventRounds "9"]
[EventCountry "ESP"]
[SourceTitle "EXT 2016"]
[Source "ChessBase"]
[SourceDate "2015.10.08"]
[SourceVersion "1"]
[SourceVersionDate "2015.10.08"]
[SourceQuality "1"]

1. d4 Nf6 2. Nf3 g6 3. g3 Bg7 4. Bg2 0-0 5. c4 d6 6. Nc3 Nc6 7. 0-0 Bf5 8. d5 Na5 9. Nd4 Bd7 10. b3 c5 11. dxc6 Nxc6 12. Bb2 Nxd4 13. Qxd4 Bc6 1/2-1/2

[Event "Figueres op-A 16th"]
[Site "Figueres"]
[Date "2015.08.17"]
[Round "8"]
[White "Valles, Manuel"]
[Black "Alarcon Casellas, Rolando"]
[Result "1/2-1/2"]
[WhiteElo "2386"]
[BlackElo "2391"]
[PlyCount "30"]
[EventDate "2015.08.11"]
[EventType "swiss"]
[EventRounds "9"]
[EventCountry "ESP"]
[SourceTitle "EXT 2016"]
[Source "ChessBase"]
[SourceDate "2015.10.08"]
[SourceVersion "1"]
[SourceVersionDate "2015.10.08"]
[SourceQuality "1"]

1. d4 d5 2. c4 c6 3. Nc3 Nf6 4. e3 e6 5. Nf3 Nbd7 6. Bd3 dxc4 7. Bxc4 b5 8. Be2 b4 9. Na4 Qa5 10. Nd2 Ba6 11. b3 Bxe2 12. Qxe2 c5 13. dxc5 Nxc5 14. Nc4 Qa6 15. Nxc5 Bxc5 1/2-1/2

[Event "Figueres op-A 16th"]
[Site "Figueres"]
[Date "2015.08.16"]
[Round "7"]
[White "Munoz Pantoja, Miguel Angel"]
[Black "Valles, Manuel"]
[Result "1/2-1/2"]
[WhiteElo "2434"]
[BlackElo "2386"]
[PlyCount "34"]
[EventDate "2015.08.11"]
[EventType "swiss"]
[EventRounds "9"]
[EventCountry "ESP"]
[SourceTitle "EXT 2016"]
[Source "ChessBase"]
[SourceDate "2015.10.08"]
[SourceVersion "1"]
[SourceVersionDate "2015.10.08"]
[SourceQuality "1"]

1. e4 c5 2. Nf3 Nc6 3. d4 cxd4 4. Nxd4 g6 5. c4 Nf6 6. Nc3 Nxd4 7. Qxd4 d6 8. Be2 Bg7 9. Be3 0-0 10. Qd2 Be6 11. 0-0 Qa5 12. Rac1 a6 13. f3 Rfc8 14. Nd5 Qxd2 15. Bxd2 Nxd5 16. exd5 Bd4+ 17. Kh1 Bd7 1/2-1/2

[Event "Porto op"]
[Site "Porto"]
[Date "2015.07.14"]
[Round "3"]
[White "Valles, Manuel"]
[Black "Spraggett, Kevin"]
[Result "1/2-1/2"]
[WhiteElo "2350"]
[BlackElo "2542"]
[PlyCount "20"]
[EventDate "2015.07.13"]
[EventType "swiss"]
[EventRounds "9"]
[EventCountry "POR"]
[SourceTitle "CBM 167 Extra"]
[Source "ChessBase"]
[SourceDate "2015.09.14"]
[SourceVersion "1"]
[SourceVersionDate "2015.09.14"]
[SourceQuality "1"]

1. d4 Nf6 2. c4 e6 3. Nc3 Bb4 4. e3 0-0 5. Bd3 d5 6. Nge2 dxc4 7. Bxc4 c5 8. a3 Bxc3+ 9. Nxc3 cxd4 10. exd4 Nc6 1/2-1/2

[Event "Paris-ch op 90th"]
[Site "Paris"]
[Date "2015.07.11"]
[Round "8"]
[White "Basso, Pier Luigi"]
[Black "Valles, Manuel"]
[Result "0-1"]
[WhiteElo "2439"]
[BlackElo "2350"]
[PlyCount "92"]
[EventDate "2015.07.04"]
[EventType "swiss"]
[EventRounds "9"]
[EventCountry "FRA"]
[SourceTitle "CBM 167 Extra"]
[Source "ChessBase"]
[SourceDate "2015.09.14"]
[SourceVersion "1"]
[SourceVersionDate "2015.09.14"]
[SourceQuality "1"]

1. d4 Nf6 2. Nf3 g6 3. c4 Bg7 4. Nc3 0-0 5. g3 d6 6. Bg2 c6 7. 0-0 Qa5 8. e4 e5 9. h3 Nbd7 10. Re1 exd4 11. Nxd4 Ne5 12. Bf1 Re8 13. Rb1 d5 14. cxd5 cxd5 15. f4 Nxe4 16. fxe5 Nxg3 17. Bg2 Rxe5 18. Nf3 Rxe1+ 19. Qxe1 Bf5 20. Qxg3 Bxb1 21. Nxb1 Qxa2 22. Nc3 Qa1 23. Qe1 Rc8 24. Ng5 Bh6 25. h4 d4 26. Bxb7 Rb8 27. Nd5 Rxb7 28. Qe8+ Bf8 29. Qc8 h6 30. Nf6+ Kg7 31. Ne8+ Kg8 32. Nf6+ Kg7 33. Ngh7 Rb8 34. Qc2 Be7 35. Qd2 g5 36. Nxg5 Rc8 37. Ne6+ fxe6 38. Qxh6+ Kf7 39. Qh5+ Kxf6 40. Qg5+ Kf7 41. Qh5+ Kg8 42. Qg6+ Kf8 43. Qh6+ Ke8 44. Qh8+ Bf8 45. Qh5+ Kd8 46. Qg5+ Be7 0-1

[Event "Paris-ch op 90th"]
[Site "Paris"]
[Date "2015.07.05"]
[Round "2"]
[White "Valles, Manuel"]
[Black "Gantner, Ludovic"]
[Result "1-0"]
[WhiteElo "2350"]
[BlackElo "2213"]
[PlyCount "65"]
[EventDate "2015.07.04"]
[EventType "swiss"]
[EventRounds "9"]
[EventCountry "FRA"]
[SourceTitle "CBM 167 Extra"]
[Source "ChessBase"]
[SourceDate "2015.09.14"]
[SourceVersion "1"]
[SourceVersionDate "2015.09.14"]
[SourceQuality "1"]

1. Nf3 Nf6 2. g3 g6 3. b3 Bg7 4. Bb2 0-0 5. Bg2 d6 6. d4 e5 7. dxe5 Ng4 8. Qc1 Nxe5 9. Nxe5 dxe5 10. Nd2 c6 11. 0-0 Bg4 12. h3 Bf5 13. Nc4 Qc7 14. Qe3 Nd7 15. Ba3 c5 16. Rad1 Rab8 17. Rd2 b5 18. Nd6 Be6 19. Rfd1 Qa5 20. Bb2 Qxa2 21. Bc3 Qa6 22. Ra1 Qb6 23. Ba5 Qa6 24. Bc3 Qb6 25. Ba5 Qa6 26. Rdd1 Rb6 27. Bxb6 Qxb6 28. b4 cxb4 29. Qxb6 axb6 30. Bd5 Bxh3 31. Ra7 Bf6 32. Kh2 Bf5 33. Nxf5 1-0